Countries with Tallest Women - Statistics

General Stats
  • This quiz has been taken 2,610 times
    2,599 since last reset
  • The average score is 13 of 20
Answer Stats
# Average Height (m) Average Height (ft) Country % Correct
18 1.65 5' 5" Germany
90%
9 1.67 5' 5.75" Norway
88%
1 1.699 5' 7" Netherlands
85%
2 1.687 5' 6.5" Denmark
81%
3 1.681 5' 6" Belgium
78%
16 1.651 5' 5" Poland
75%
4 1.676 5' 6" Austria
72%
19 1.65 5' 5" Italy
72%
11 1.662 5' 5.5" Spain
69%
17 1.65 5' 5" Estonia
68%
5 1.676 5' 6" Iceland
68%
6 1.675 5' 6" Lithuania
66%
14 1.656 5' 5.25" Slovakia
63%
7 1.674 5' 6" Slovenia
62%
10 1.663 5' 5.5" Croatia
61%
12 1.66 5' 5.25" Greece
57%
8 1.672 5' 5.75" Czech Republic
56%
13 1.66 5' 5.25" Israel
23%
20 1.65 5' 5" Lebanon
13%
15 1.654 5' 5" Azerbaijan
10%
No matching quizzes found
Score Distribution
Percent of People with Each Score
Percentile by Number Answered
Your Score History
You have not taken this quiz since the last reset